LEADER 00586nab a2200145 i 4500 001 000000317170 003 CaOOAMICUS 005 20180831173223.0 008 180831n xx uu u0 0und r 013 $a26249 040 $aSeMil$bita 100 1 $aDell'Orto, Umberto <1963- >.$0(OLS)http://semarc/name/15117 245 13$aLe Indulgenze come esperienza di conversione e di penitenza. Un breve percorso storico. 773 0 $t[Gennaio-Dicembre].$g1013-1027$w()274006 996 $6245$aLe Indulgenze come esperienza di conversione e di penitenza. Un breve percorso storico$9(OLS)http://semarc/title/391151 LEADER 00494nab a2200145 i 4500 001 000000279707 003 CaOOAMICUS 005 20110408000000.0 008 110408n xx uu u0 0und r 013 $a31433 040 $aSeMil$bita 245 13$aIl pesce-mitraglia. - [16] p. - Titolo dalla prima pagina. 500 $a9 Settembre 1951. 773 0 $tVittorioso.$d[Milano] : Avvenire, [1994]$w()200383 996 $6245$aIl pesce-mitraglia. - [16] p. - Titolo dalla prima pagina.$9(OLS)http://semarc/title/363200